000 00469nam a22001817a 4500
003 0
005 20231006111453.0
008 231006b xxu||||| |||| 00| 0 eng d
020 _a978-1-78950-505-4
050 _aPZ 7
_b.F67 2019
100 _aForester, C.S
245 _aThe african queen
_c C.S Forester
260 _aLondon
_bArcturus Holdings Limited
_cc2019.
300 _a192 pages ;
_c20 cm.
500 _aFiction.
650 _aFiction.
942 _2lcc
_cBK
999 _c365478
_d365478